<?xml version="1.0" encoding="UTF-8"?>
<collection xmlns="http://www.loc.gov/MARC21/slim">
  <record>
    <leader>00000nam  2200000   4500</leader>
    <controlfield tag="001">INLIS000000000047602</controlfield>
    <controlfield tag="005">20200324070622</controlfield>
    <datafield tag="035" ind1="#" ind2="#">
      <subfield code="a">0010-011600000000060</subfield>
    </datafield>
    <controlfield tag="008">200324################g##########0#ind##</controlfield>
    <datafield tag="040" ind1="#" ind2="#">
      <subfield code="a">NBPDMAT</subfield>
    </datafield>
    <datafield tag="082" ind1="#" ind2="#">
      <subfield code="a">297.26</subfield>
    </datafield>
    <datafield tag="090" ind1="#" ind2="#">
      <subfield code="a">297.26</subfield>
      <subfield code="b">Luk j</subfield>
    </datafield>
    <datafield tag="100" ind1="#" ind2="#">
      <subfield code="a">Lukman Saksono</subfield>
    </datafield>
    <datafield tag="245" ind1="1" ind2="#">
      <subfield code="a">Jalan pintas meraih jelar : Gelar BA, MA, MSc. MBA, MPA, Ph,D dan pendidikan sepanjang hidup menurut Al-Qur'an dan As-sunnah dan penerapannya / Lukman Saksono /</subfield>
      <subfield code="c">Prof. Lukman Saksono, Ph.D.,Minst.,PM.MSc.</subfield>
    </datafield>
    <datafield tag="260" ind1="#" ind2="#">
      <subfield code="a">Cimahi :</subfield>
      <subfield code="b">[ s.l ],</subfield>
      <subfield code="c">1986</subfield>
    </datafield>
    <datafield tag="300" ind1="#" ind2="#">
      <subfield code="a">192 hlm. ;</subfield>
      <subfield code="c">13 x 21 cm</subfield>
    </datafield>
    <datafield tag="500" ind1="#" ind2="#">
      <subfield code="a">Bibliografi hlm : 192</subfield>
    </datafield>
    <datafield tag="650" ind1="#" ind2="4">
      <subfield code="a">Islam dan Pengetahuan Umum</subfield>
    </datafield>
    <datafield tag="850" ind1="#" ind2="#">
      <subfield code="a">NBPDMAT</subfield>
    </datafield>
    <datafield tag="084" ind1="#" ind2="#">
      <subfield code="a">297.26 LUK j</subfield>
    </datafield>
    <datafield tag="990" ind1="#" ind2="#">
      <subfield code="a">51500619</subfield>
    </datafield>
  </record>
</collection>
